Pokémon - Les attaques de Wattouat - Statistiques

Statistiques générales
  • Ce quiz a été pris 19 fois
  • Le résultat moyen est 10 sur 15
Statistiques - réponses
Niveaux Types Noms des attaques % Correct
Départ Normal Charge
100%
Niveau 8 Électrique Éclair
87%
Niveau 46 Électrique Fatal-Foudre
87%
Départ Normal Rugissement
87%
Niveau 4 Électrique Cage-Éclair
80%
Niveau 39 Insecte Rayon Signal
67%
Niveau 18 Normal Bélier
60%
Niveau 36 Plante Cotogarde
60%
Niveau 29 Roche Rayon Gemme
60%
Niveau 11 Plante Spore Coton
60%
Niveau 15 Électrique Chargeur
53%
Niveau 32 Électrique Coup d'Jus
53%
Niveau 22 Électrique Boule Élek
47%
Niveau 43 Psy Mur Lumière
33%
Niveau 25 Spectre Onde Folie
33%
Aucun quiz correspondant
Distribution des résultats
% des personnes avec chaque résultat
Percentile par nombre de réponses
Votre historique - résultats
Vous n’avez pas pris ce quiz